| 000 | 00000nam 2200000za 4500 |
| 001 | 9.801502 |
| 003 | CaOODSP |
| 005 | 20221107134818 |
| 007 | cr ||||||||||| |
| 008 | 160415s2015 oncdo ob f000 0 eng d |
| 020 | |a978-0-660-02663-3 |
| 040 | |aCaOODSP|beng |
| 043 | |an-cn--- |
| 086 | 1 |aH164-188/2015E-PDF |
| 245 | 02|aA look at food skills in Canada |h[electronic resource]. |
| 260 | |a[Ottawa] : |bHealth Canada, |cc2015. |
| 300 | |a6 p. : |bgraphs, photographs |
| 500 | |aIssued also in French under title: Les compétences alimentaires au Canada. |
| 504 | |aIncludes bibliographical references. |
| 692 | 07|2gccst|aCooking |
| 692 | 07|2gccst|aNutrition |
| 692 | 07|2gccst|aStatistics |
| 710 | 1 |aCanada. |bHealth Products and Food Branch. |
| 775 | 08|tLes compétences alimentaires au Canada |w(CaOODSP)9.801503 |
| 856 | 40|qPDF|s429 KB|uhttps://publications.gc.ca/collections/collection_2016/sc-hc/H164-188-2015-eng.pdf |
| 986 | |aPub.: 150042 |